Welcome to CU Library Online Public Access Catalogue (OPAC)

The Ghana Law Reports 1991 Vol. 2 (Record no. 1348)

MARC details
000 -LEADER
fixed length control field 00649nam a22001697a 4500
003 - CONTROL NUMBER IDENTIFIER
control field OSt
005 - DATE AND TIME OF LATEST TRANSACTION
control field 20241120162237.0
008 - FIXED-LENGTH DATA ELEMENTS--GENERAL INFORMATION
fixed length control field 241119b |||||||| |||| 00| 0 eng d
020 ## - INTERNATIONAL STANDARD BOOK NUMBER
International Standard Book Number 08550832
040 ## -
-- Central University Library
245 ## - TITLE STATEMENT
Title The Ghana Law Reports 1991 Vol. 2
Statement of responsibility, etc. Cases determined by the High Court, the Court of Appeal and the Supreme Court of the Republic of Ghana
260 ## - PUBLICATION, DISTRIBUTION, ETC.
Place of publication, distribution, etc. Accra, Ghana
Name of publisher, distributor, etc. Council for Law Reporting
Date of publication, distribution, etc. 1995
300 ## - PHYSICAL DESCRIPTION
Extent xxxvi, 596 pages
Dimensions 25 cm
500 ## - GENERAL NOTE
General note Cases determined by the High Court, the Court of Appeal and the Supreme Court of the Republic of Ghana
650 ## - SUBJECT ADDED ENTRY--TOPICAL TERM
Source of heading or term Law Reports
942 ## - ADDED ENTRY ELEMENTS (KOHA)
Source of classification or shelving scheme Library of Congress Classification
Koha item type Books
Suppress in OPAC No
999 ## -
-- 1348
-- 1348
Holdings
Withdrawn status Lost status Source of classification or shelving scheme Damaged status Not for loan Collection Home library Current library Shelving location Date acquired Total checkouts Full call number Barcode Date last seen Copy number Price effective from Koha item type Uniform resource identifier
    Library of Congress Classification     Reference Law Library (Christ Temple) Law Library (Christ Temple) General stacks 07/28/2025   GLR91 VOL. II K528.G4 GHA LLCT00000886 07/28/2025 1 07/28/2025 Books Vol.2
    Library of Congress Classification     Reference Law Library (Christ Temple) Law Library (Christ Temple) General stacks 07/28/2025   GLR91 VOL. II K528.G4 GHA LLCT00000887 07/28/2025 2 07/28/2025 Books Vol.2
    Library of Congress Classification     Non-fiction Law Library (Miotso) Law Library (Miotso) General stacks 11/19/2024   GLR 91 K528.G4 GHA Vol. 2 LLM00001112 11/19/2024 1 11/19/2024 Books  
© 2023-2024 Copyright: Central University Libraries. All Rights Reserved | Created by: Mahone Tech Office